| 000 | 00511nam a2200181Ia 4500 | ||
|---|---|---|---|
| 999 |
_c1681 _d1681 |
||
| 003 | OSt | ||
| 005 | 20200925123317.0 | ||
| 008 | 190216s9999||||xx |||||||||||||| ||und|| | ||
| 020 | _a8183185568 | ||
| 040 | _coclc | ||
| 082 |
_a570.15195 _bARO/B |
||
| 100 |
_aArora, P N _95006 |
||
| 245 | 0 |
_aBiostatistics / _cP N Arora ; P K Malhan |
|
| 260 |
_bHimalaya Publishing House, _aMumbai: _c2006. |
||
| 300 | _a578p | ||
| 650 | _aBotany | ||
| 942 |
_cBK _2ddc _h570.15195 _iARO/B _k570.15195 _mARO/B |
||